| 000 | 04049cam a2200445 a 4500 | ||
|---|---|---|---|
| 001 | 16773830 | ||
| 003 | OSt | ||
| 005 | 20220204120639.0 | ||
| 008 | 110511s2011 enka b 001 0 eng | ||
| 010 | _a 2011013534 | ||
| 015 |
_aGBB164813 _2bnb |
||
| 016 | 7 |
_a015816490 _2Uk |
|
| 020 | _a9780470699812 (hardback) | ||
| 020 | _a0470699817 (hardback) | ||
| 020 | _z9781119975458 (ePDF) | ||
| 020 | _z9781119975441 (oBook) | ||
| 020 | _z9781119976127 (epub) | ||
| 020 | _z9781119976134 (mobi) | ||
| 035 | _a(OCoLC)ocn719429298 | ||
| 038 | _aMuzammil | ||
| 040 |
_aDLC _cDLC _dYDX _dBTCTA _dYDXCP _dCDX _dUKMGB _dBWX _dPUL _dWAU _dBDX _dOSU _dOCLCO _dDLC |
||
| 042 | _apcc | ||
| 050 | 0 | 0 |
_aTJ828 _b.J36 2011 |
| 082 | 0 | 0 |
_a621.45 _223 _bJAM |
| 084 |
_aTEC031000 _2bisacsh |
||
| 100 | 1 |
_aJamieson, Peter, _d1946- _988784 |
|
| 245 | 1 | 0 |
_aInnovation in wind turbine design / _cPeter Jamieson. |
| 250 | _a1st ed. | ||
| 260 |
_aChichester, West Sussex ; _aHoboken, N.J. : _bWiley, _c2011. |
||
| 300 |
_axviii, 298 p. : _bill. ; _c26 cm. |
||
| 504 | _aIncludes bibliographical references and index. | ||
| 505 | 0 | _aIntroduction -- Rotor aerodynamic theory -- Rotor aerodynamic design -- Rotor structural interactions -- Upscaling of wind turbine systems -- Wind energy conversion concepts -- Drive train design -- Offshore wind turbines -- Technology trends summary -- Cost of energy -- Evaluation methodology -- Optimum blade number -- Pitch versus stall -- HAWT or VAWT? -- Free yaw -- Multi rotor systems -- Design themes summary -- Adaptable rotor concepts -- A shrouded rotor -- The gamesa G10X drive train -- Gyroscopic torque transmission -- The norsetek rotor design -- Siemens blade technology -- Stall induced vibrations -- Magnetic gearing and pseudo-direct drive -- Summary and concluding comments. | |
| 520 | _a"Innovation in Wind Turbine Design covers the basics of design and the reasons behind design choices, as well as the methodology for evaluating innovative systems and components, always referencing a state of the art system for comparison. Thus the reader is able to understand current technology and the reasoning behind progress to date, before assessing where it can go in the future. It discusses the basics, as well as how to apply existing engineering knowledge to further technology.Innovation in Wind Turbine Design is divided into three main sections: introduction, design background and technology evaluation. Section 1 reviews the evolution of modern wind technology and establishes the basis for evaluating standard and innovative designs. Section 2 reviews the optimization of rotor design, discusses wind energy conversion systems, drive trains, scaling issues and offshore wind turbines, and concludes with an overview of technology trends with a glimpse of possible future technology. Section 3 comprises a global view of the multitude of design options for wind turbine systems, the basis for comparative valuation and evaluation methodology, cost of energy assessment and includes a number of innovative examples, some from working experiences for commercial clients. Draws upon the author's 30 years industry experience to synergize the separate fields of engineering innovation and wind technology into one practical reference text Enables both creative and analytical thinking as well as engineering insight that is invaluable in the early stages of parametric studies Includes innovative examples from working experiences for commercial clients Includes previously unpublished or little disseminated theory, including the author's recent research solving a problem generalizing Betz' theory to account for the behavior of rotors in ducts or non-uniform flow regions"-- | ||
| 563 | _ahardcover | ||
| 650 | 0 |
_aWind turbines. _988785 |
|
| 856 | 4 | 2 |
_3Cover image _uhttp://catalogimages.wiley.com/images/db/jimages/9780470699812.jpg |
| 906 |
_a7 _bcbc _corignew _d1 _eecip _f20 _gy-gencatlg |
||
| 942 |
_2ddc _cBK |
||
| 999 |
_c32925 _d32925 |
||